Masovopolitická práca - predpoklad cieľavedomej komunistickej výchovy

Podrobná bibliografia
Hlavný autor: Rejholec, Vladimír (Autor)
Médium: Článok
Jazyk:slovenčina
Predmet:

MARC

LEADER 00000nab a2200000 a 4500
001 vtls000310223
003 SK-MaSNL
005 20260302215612.0
008 111201c1978 xo 0 slo
015 |a SNBRB19rr/mm-uuuuu 
035 |a CL0000315 
040 |a SNKBUCL  |b slo  |c SNKBUCL  |e AACR2 
041 0 |a slo 
044 |a xo  |c SK 
080 |a 329.15(437.6)  |2 1981 
080 |a 352  |2 1981 
080 |a 353  |2 1981 
100 1 |a Rejholec, Vladimír  |4 aut  |9 312868 
245 1 0 |a Masovopolitická práca - predpoklad cieľavedomej komunistickej výchovy  |c Vladimír Rejholec 
650 0 7 |a výchova komunistická  |2 snkbucl  |9 554740 
650 0 7 |a národné výbory  |2 snkbucl  |9 59059 
651 7 |a 5100  |2 snkbucl  |9 166206 
655 7 |a články z novín a časopisov  |2 snkbucl  |9 267496 
773 0 |t Národné výbory  |g Č. 1 (1978), s. 26-27 
850 |a Slovenská národná knižnica v Martine  |a MTA001 
852 |a SNK  |b KIS3GCP 
958 |a RK 
992 |a RBX 
999 |c 1503151  |d 1505081